Baking & pastry arts / (Record no. 12521)
[ view plain ]
| 000 -LEADER | |
|---|---|
| fixed length control field | 00744nam a2200229 4500 |
| 003 - CONTROL NUMBER IDENTIFIER | |
| control field | URS |
| 005 - DATE AND TIME OF LATEST TRANSACTION | |
| control field | 20220114162512.0 |
| 008 - FIXED-LENGTH DATA ELEMENTS--GENERAL INFORMATION | |
| fixed length control field | 020101b xxu||||| |||| 00| 0 eng d |
| 020 ## - INTERNATIONAL STANDARD BOOK NUMBER | |
| International Standard Book Number | 9789719905813 |
| 040 ## - CATALOGING SOURCE | |
| Original cataloging agency | DCHE |
| Description conventions | rda |
| Transcribing agency | dche |
| 041 ## - LANGUAGE CODE | |
| Language code of text/sound track or separate title | eng |
| 050 00 - LIBRARY OF CONGRESS CALL NUMBER | |
| Classification number | TX 763 |
| Item number | R48 2014 |
| 100 1# - MAIN ENTRY--PERSONAL NAME | |
| Personal name | Reyes, Ruth Estrada Javier, |
| Relator term | author. |
| 245 10 - TITLE STATEMENT | |
| Title | Baking & pastry arts / |
| Statement of responsibility, etc. | Ruth Estrada Javier-Reyes ; contributors, Luzette T Mijares, Juvelyn J. Magadia, Edward D. Mateo. |
| 246 ## - VARYING FORM OF TITLE | |
| Title proper/short title | Baking and pastry arts |
| 300 ## - PHYSICAL DESCRIPTION | |
| Extent | xi, 231 pages : |
| Other physical details | illustrations. |
| 650 #0 - SUBJECT ADDED ENTRY--TOPICAL TERM | |
| Topical term or geographic name entry element | Baking. |
| 700 1# - ADDED ENTRY--PERSONAL NAME | |
| Personal name | Mijares, Luzette T., |
| Relator term | contributor. |
| 700 1# - ADDED ENTRY--PERSONAL NAME | |
| Personal name | Magadia, Juvelyn J., |
| Relator term | contributor. |
| 700 1# - ADDED ENTRY--PERSONAL NAME | |
| Personal name | Mateo, edward d., |
| Relator term | contributor. |
| 942 ## - ADDED ENTRY ELEMENTS (KOHA) | |
| Source of classification or shelving scheme | Dewey Decimal Classification |
| Koha item type | Filipiniana |
| Withdrawn status | Source of classification or shelving scheme | Damaged status | Not for loan | Collection code | Home library | Current library | Shelving location | Date acquired | Source of acquisition | Total Checkouts | Barcode | Date last seen | Copy number | Price effective from | Koha item type |
|---|---|---|---|---|---|---|---|---|---|---|---|---|---|---|---|
| Dewey Decimal Classification | Fiction | Angono College Library | Angono College Library | On Display | 01/01/2002 | Donation | URSANG-4734 | 01/01/2002 | 2 | 01/01/2002 | Filipiniana | ||||
| Dewey Decimal Classification | Fiction | Angono College Library | Angono College Library | On Display | 01/01/2002 | Donation | URSANG-4733 | 01/01/2002 | 1 | 01/01/2002 | Filipiniana | ||||
| Dewey Decimal Classification | Fiction | Angono College Library | Angono College Library | On Display | 01/01/2002 | Donation | URSANG-4735 | 01/01/2002 | 3 | 01/01/2002 | Filipiniana |